Top 10 Countries with the Most Adopted Children - Statistics

General Stats
  • This quiz has been taken 308 times
  • The average score is 8 of 10
Answer Stats
# Country % Correct
8,668 United States
100%
1,569 France
94%
1,367 Canada
93%
415 Germany
91%
1,669 Spain
88%
3,106 Italy
86%
466 Sweden
75%
488 Netherlands
71%
260 Belgium
67%
314 Switzerland
62%
No matching quizzes found
Score Distribution
Percent of People with Each Score
Percentile by Number Answered
Your Score History
You have not taken this quiz